| 000 | 00374nam a2200157Ia 4500 | ||
|---|---|---|---|
| 008 | 230524s9999 xx 000 0 und d | ||
| 082 |
_a5.133 _bYOU |
||
| 100 |
_aMichael J.Young _924020 |
||
| 245 | 0 | _aMastering Visual C++ 6 | |
| 250 | _a1ST | ||
| 260 |
_aNEW DELHI _bBPB _c1998 |
||
| 300 | _aXIV;1332 | ||
| 500 | _aQuantity Number: 1 | ||
| 650 | _aComp-Sc | ||
| 942 | _cBK | ||
| 999 |
_c35566 _d35566 |
||